000 01148nam0a22002771 4500
001 rc\4752413
005 20250613073200.0
021 _aRU
_b[58-67384]
035 _a(NLR Aleph) 009011518
090 _a9370725
_c9370725
100 _a20130417d1958 |||y0rusy50 ca
101 0 _arus
102 _aRU
105 _ay z |||||
200 1 _aСтенографический отчет
_fВосьмая сессия Верховного Совета Лит. ССР (четвертого созыва) 22-23 янв. 1958 г.
210 _aВильнюс
_cГосполитнаучиздат
_d1958
215 _a164 с.
_d22
601 2 _aВерховный Совет Литовской ССР
_jЗаконы и постановления
_z1958
_2psbo
606 _aНароднохозяйственный план
_yЛитовская ССР
_z1958
_2psbo
606 _aБюджеты
_yЛитовская ССР
_z1958
_2psbo
710 1 2 _aЛитовская ССР. Верховный Совет. Созыв (4). Сессия (8)
801 0 _aRU
_bNLR
_gpsbo
801 1 _aRU
_bELAR
_2rusmarc
852 _aNLR
_j58-6/4582
942 _cBOOK
980 _aNB